| 000 | 00380nam a2200157Ia 4500 | ||
|---|---|---|---|
| 005 | 20250603145750.0 | ||
| 008 | 250603s9999 xx 000 0 und d | ||
| 020 | _a9780324569599 | ||
| 050 | _aHD 30.215 .K45/ | ||
| 100 | _aKeller, Gerald. | ||
| 245 | 0 | _aStatistics for management and economics | |
| 260 | _bSouth- Western | ||
| 260 | _c2008 | ||
| 300 | _a896 p | ||
| 942 | _cBK | ||
| 999 |
_c42791 _d42791 |
||